Statistics for Name a Valid British Monarch

Click here to take the quiz!

General Stats

  • This quiz has been taken 27 times
    (6 since last reset)
  • The average score is 12 of 14

Answer Stats

HintAnswer% Correct
That have had a reign over 50 yearsEdward III | Henry III | James I | George III | Victoria | Elizabeth II
100%
That abdicated the throneEdward VIII | Richard II | James II
100%
That lived past 80 yearsGeorge III | Victoria | Elizabeth II
100%
That ruled England during a World WarGeorge V | Elizabeth II
100%
That were under 20 years old when
taking the throne
Henry VI | Henry VIII | Edward VI | Richard II | Edward V | Edward III | Henry VIII | Victoria | Edward VI
100%
That have been womenMary | Elizabeth I | Mary II | Anne | Victoria | Elizabeth II
100%
That had more than one child become king/queenWilliam I | Henry II | Charles I | James II | George III | Henry VIII | George V
100%
That was born abroadWilliam I | Henry II | James I | William III | George I | George II
100%
That have US states named after them (The Virginias and the Carolinas)Elizabeth I | Charles I
75%
That was married multiple timesHenry I | John | Edward I | Richard II | Henry IV | Henry VIII | James II | George IV
75%
That were killed (assassinated, in battle or executed)Richard II | Henry VI | Richard III | Charles I |
75%
That was the first of a new houseWilliam I | Stephen | Henry II | Henry III | Henry IV | Edward IV | Henry VI | Henry VII | James I | Mary II | William III | George I | Edward VII
75%
Who were first to have their names and that name has been used again 2 or less timesWilliam I | Stephen | John | Mary I | Anne | James I | Charles I | Elizabeth I
75%
With 10 or more childrenEdward I | Edward III | Edward IV | James II | George II | George III
25%

Score Distribution

Percentile by Number Answered

Percent of People with Each Score

Your Score History

You have not taken this quiz since the last reset